Pokémon Go: Strongest Pokémon by Stamina - Statistics

General Stats
  • This quiz has been taken 55 times
    13 since last reset
  • The average score is 21 of 30
Answer Stats
Max HP Pokémon Type Region % Correct
330 Snorlax Normal Kanto
91%
260 Bewear Normal / Fighting Alola
82%
312 Drifblim Ghost / Flying Sinnoh
82%
284 Giratina (Altered) Ghost / Dragon Sinnoh
82%
284 Giratina (Origin) Ghost / Dragon Sinnoh
82%
302 Hariyama Fighting Hoenn
82%
347 Wailord Water Hoenn
82%
295 Wigglytuff Normal / Fairy Kanto
82%
249 Amoonguss Grass / Poison Unova
73%
265 Aurorus Rock / Ice Kalos
73%
487 Chansey Normal Kanto
73%
260 Cresselia Psychic Sinnoh
73%
251 Jigglypuff Normal / Fairy Kanto
73%
268 Lanturn Water / Electric Johto
73%
286 Munchlax Normal Sinnoh
73%
251 Rhyperior Ground / Rock Sinnoh
73%
284 Slaking Normal Hoenn
73%
382 Wobbuffet Psychic Johto
73%
246 Xerneas Fairy Kalos
73%
246 Yveltal Dark / Flying Kalos
73%
338 Alomomola Water Unova
64%
496 Blissey Normal Johto
64%
251 Entei Fire Johto
64%
277 Lapras Water / Ice Kanto
64%
260 Throh Fighting Unova
64%
277 Wailmer Water Hoenn
64%
260 Greedent Normal Galar
55%
253 Musharna Psychic Unova
55%
264 Melmetal Steel Alola
45%
277 Vaporeon Water Kanto
36%
No matching quizzes found
Score Distribution
Percent of People with Each Score
Percentile by Number Answered
Your Score History
You have not taken this quiz since the last reset